| 000 | 00465nam a2200157 a 4500 | ||
|---|---|---|---|
| 001 | 000040543 | ||
| 005 | 20201002034213.0 | ||
| 008 | 130830s2010 sp 001 0 spa d | ||
| 020 | _a9788437619934 | ||
| 040 |
_aDO-SdBNP _bspa _cBNPHU |
||
| 100 | 1 |
_aGutiérrez, Ramón _919118 |
|
| 245 | 1 | 0 |
_aArquitectura y Urbanismo en Iberoamérica / _cRamón Gutérrez. |
| 250 | _a6a. ed. | ||
| 260 |
_aMadrid : _bGrupo Anaya, _c2010. |
||
| 300 |
_a802 p. : _bil., retrs. ; _c22 cm. |
||
| 999 |
_c40033 _d40033 |
||